Culture Générale - Série 1083 - Statistiques

Statistiques générales
  • Ce quiz a été pris 95 fois
  • Le résultat moyen est 4 sur 10
Statistiques - réponses
Question Réponse % Correct
Complétez l'expression : "Une main de fer dans un gant... de velours
87%
Quel vêtement portait toujours Coluche, lors de ses représentations ? salopette
87%
Comment appelle-t-on le trou d'une aiguille, où passe le fil ? chas
74%
Quel ténor italien a chanté le 10 février 2006 lors de l'ouverture officielle des Jeux olympiques d'hiver à Turin ? Luciano Pavarotti
63%
"Coulon" est un mot patois désignant un oiseau, lequel ? pigeon
37%
Sur quel département français l'ancienne province de la Saintonge s'étendait-elle principalement ? Charente-Maritime
26%
Quel héros de la mythologie grecque a terrassé Méduse ? Persée
23%
Quel est le nom donné aux cours d'eau des Pyrénées ? gave
22%
De quelle langue est originaire le mot “mousmé, qui désigne une jeune fille” ? japonais
11%
Quelle maladie est parfois appelée “ourles” ou “fièvre ourlienne” ? oreillons
10%
Aucun quiz correspondant
Distribution des résultats
% des personnes avec chaque résultat
Percentile par nombre de réponses
Votre historique - résultats
Vous n’avez pas pris ce quiz